<?xml version="1.0" encoding="UTF-8"?>
<record
    xmlns:xsi="http://www.w3.org/2001/XMLSchema-instance"
    xsi:schemaLocation="http://www.loc.gov/MARC21/slim http://www.loc.gov/standards/marcxml/schema/MARC21slim.xsd"
    xmlns="http://www.loc.gov/MARC21/slim">

  <leader>02489cam a2200289   4500</leader>
  <controlfield tag="001">4548</controlfield>
  <controlfield tag="003">BD-RjUL</controlfield>
  <controlfield tag="005">20211208233918.0</controlfield>
  <controlfield tag="008">131223t1961    nyua     b    000 0 eng d</controlfield>
  <datafield tag="035" ind1=" " ind2=" ">
    <subfield code="a">(BD-RjUL)4583</subfield>
  </datafield>
  <datafield tag="035" ind1=" " ind2=" ">
    <subfield code="a">(CStRLIN)PAUGV3771108-B</subfield>
  </datafield>
  <datafield tag="040" ind1=" " ind2=" ">
    <subfield code="a">LYU</subfield>
    <subfield code="c">LYU</subfield>
    <subfield code="d">UKM</subfield>
    <subfield code="d">LAS</subfield>
    <subfield code="d">BD-RjUL</subfield>
    <subfield code="b">eng</subfield>
  </datafield>
  <datafield tag="041" ind1=" " ind2=" ">
    <subfield code="a">eng</subfield>
  </datafield>
  <datafield tag="082" ind1="0" ind2="4">
    <subfield code="2">16</subfield>
    <subfield code="a">341.67</subfield>
    <subfield code="b">ARM 1961</subfield>
  </datafield>
  <datafield tag="245" ind1="1" ind2="0">
    <subfield code="a">Arms control and disarmament :</subfield>
    <subfield code="b">and national security /</subfield>
    <subfield code="c">Donald G.Brennan.</subfield>
  </datafield>
  <datafield tag="260" ind1=" " ind2=" ">
    <subfield code="a">New york :</subfield>
    <subfield code="b">George Braziller,</subfield>
    <subfield code="c">1961.</subfield>
  </datafield>
  <datafield tag="300" ind1=" " ind2=" ">
    <subfield code="a">475 p. :</subfield>
    <subfield code="b">ill. ;</subfield>
    <subfield code="c">24 cm.</subfield>
  </datafield>
  <datafield tag="500" ind1=" " ind2=" ">
    <subfield code="a">Publ. in the USA under title: Arms control, disarmament, and national security.</subfield>
  </datafield>
  <datafield tag="504" ind1=" " ind2=" ">
    <subfield code="a">Includes bibliographical references (p. 457-470).</subfield>
  </datafield>
  <datafield tag="505" ind1="0" ind2=" ">
    <subfield code="a">Setting and goals of arms control / Donald G. Brennan -- Basic requirements of arms control / Robert R. Bowie -- Constructing rules that affect government / Roger Fisher -- Characteristics of recent arms-control proposals and agreements /</subfield>
    <subfield code="t">Arms race and some of its hazards /</subfield>
    <subfield code="t">Feasibility of arms control and the principle of openness / Edward Teller -- Limited war : conventional or nuclear? A reappraisal / Henry A. Kissinger -- Economic implications of arms control / Kenneth E. Boulding -- Reciprocal measures for arms stabilization / Thomas C. Schelling -- Case for unilateral disarmament / Erich Fromm -- Comprehensive arms-limitation systems / Jerome B. Wiesner -- Policy considerations of a nuclear-test ban / Donald G. Brennan &amp; Morton H. Halperin -- Negotiating with the Soviet Union / Bernhard G. Bechhoefer -- Inclusion of Communist China in an arms-control program / A. Doak Barnett -- Role of the smaller powers / Paul M. Doty -- Inspection techniques of arms control Bernard T. Feld -- Public opinion and the control of armaments / Ithiel De Sola Pool -- Non-physical inspection techniques / Lewis C. Bohn -- Adjudication and enforcement in arms control / Louis B. Sohn -- Recent policy making in the United States government / Saville R. Davis -- Government organization for arms control / Hubert H. Humphrey -- Pursuit of rational world-security arrangements / Richard S. Leghorn -- Arms control through world law / Arthur Larson -- Foreign comment / Raymond Aron, Alastair Buchan, Jules Moch, Philip Noel-Baker.</subfield>
  </datafield>
  <datafield tag="650" ind1=" " ind2="0">
    <subfield code="a">Disarmament.</subfield>
    <subfield code="9">14371</subfield>
  </datafield>
  <datafield tag="650" ind1=" " ind2="0">
    <subfield code="a">Nuclear disarmament.</subfield>
    <subfield code="9">14076</subfield>
  </datafield>
  <datafield tag="700" ind1="1" ind2=" ">
    <subfield code="a">Brennan, Donald G.,</subfield>
    <subfield code="9">14372</subfield>
  </datafield>
  <datafield tag="740" ind1="0" ind2=" ">
    <subfield code="a">Arms control, disarmament, and national security.</subfield>
  </datafield>
  <datafield tag="942" ind1=" " ind2=" ">
    <subfield code="2">ddc</subfield>
    <subfield code="c">BK</subfield>
  </datafield>
  <datafield tag="999" ind1=" " ind2=" ">
    <subfield code="c">4548</subfield>
    <subfield code="d">4548</subfield>
  </datafield>
  <datafield tag="952" ind1=" " ind2=" ">
    <subfield code="0">0</subfield>
    <subfield code="1">0</subfield>
    <subfield code="2">ddc</subfield>
    <subfield code="4">0</subfield>
    <subfield code="7">1</subfield>
    <subfield code="8">NFIC</subfield>
    <subfield code="a">RUCL</subfield>
    <subfield code="b">RUCL</subfield>
    <subfield code="c">reading</subfield>
    <subfield code="d">1963-02-01</subfield>
    <subfield code="e">Mirza book agency</subfield>
    <subfield code="g">30.00</subfield>
    <subfield code="l">0</subfield>
    <subfield code="o">341.67 ARM 1961</subfield>
    <subfield code="r">2013-12-23 00:00:00</subfield>
    <subfield code="t">C-1</subfield>
    <subfield code="w">2013-12-23</subfield>
    <subfield code="y">BK</subfield>
  </datafield>
</record>
